Naruto: les Démons à queue - Statistiques

Statistiques générales
  • Ce quiz a été pris 646 fois
  • Le résultat moyen est 7 sur 10
Statistiques - réponses
Nombre de queue appelation Nom des Hôtes Nom des Démons % Correct
9 queue Kyûbi Naruto Kurama
99%
1 queue Ishibi Gaara Shukaku
83%
4 queue Yonbi Roshi Son goku
80%
2 queue Nibi Yugito Matatabi
79%
3 queue Sanbi Yagura Isobu
64%
7 queue Nanabi Chomei
63%
6 queue Rokubi Utakata Saiken
62%
8 queue Hashibi Killer bee Gyûki
60%
10 queue Jûbi Obito Jûbi
58%
5 queue Gobi Han Kokuo
56%
Aucun quiz correspondant
Distribution des résultats
% des personnes avec chaque résultat
Percentile par nombre de réponses
Votre historique - résultats
Vous n’avez pas pris ce quiz